<?xml version="1.0" encoding="UTF-8"?>
<marc:record xmlns:marc="http://www.loc.gov/MARC21/slim">
   <marc:leader>00000nam a2200000 a 4500</marc:leader>
   <marc:datafield ind1=" " ind2=" " tag="653">
      <marc:subfield code="a">Sexualerziehung</marc:subfield>
   </marc:datafield>
   <marc:datafield ind1=" " ind2=" " tag="653">
      <marc:subfield code="a">Sexualverhalten</marc:subfield>
   </marc:datafield>
   <marc:datafield ind1=" " ind2=" " tag="653">
      <marc:subfield code="a">Softcover</marc:subfield>
   </marc:datafield>
   <marc:datafield ind1=" " ind2=" " tag="653">
      <marc:subfield code="a">Karte</marc:subfield>
   </marc:datafield>
   <marc:datafield ind1=" " ind2=" " tag="653">
      <marc:subfield code="a">Jugendbuch / Sachbuch</marc:subfield>
   </marc:datafield>
   <marc:datafield ind1=" " ind2=" " tag="653">
      <marc:subfield code="a">Jugendsachbuch</marc:subfield>
   </marc:datafield>
   <marc:datafield ind1="0" ind2="0" tag="245">
      <marc:subfield code="a">Lovetour</marc:subfield>
   </marc:datafield>
   <marc:datafield ind1="0" ind2="0" tag="245">
      <marc:subfield code="b">Liebe, Sex und so viele Fragen + Lovetour-Lexikon</marc:subfield>
   </marc:datafield>
   <marc:datafield ind1="0" ind2="0" tag="245">
      <marc:subfield code="c">hrsg. vom PGA, Verein für Prophylaktische Gesundheitsarbeit</marc:subfield>
   </marc:datafield>
   <marc:datafield ind1=" " ind2="1" tag="264">
      <marc:subfield code="a">Wien</marc:subfield>
      <marc:subfield code="b">öbvhpt</marc:subfield>
      <marc:subfield code="c">2006</marc:subfield>
   </marc:datafield>
   <marc:datafield ind1=" " ind2=" " tag="250">
      <marc:subfield code="a">1. Aufl.</marc:subfield>
   </marc:datafield>
   <marc:datafield ind1="1" ind2=" " tag="520">
      <marc:subfield code="a">Angaben aus der Verlagsmeldung

Lovetour. Liebe, Sex und so viele Fragen : Mit Lovetour-Lexikon

Lovetour ist ein sexualpädagogisches Aufklärungsprojekt für Jugendliche und interessierte Erwachsene. In einem adaptierten Bus, der als "mobiles Klassenzimmer" fungiert, bietet Lovetour Informationen und Wissenswertes rund um Liebe, Sexualität und Entwicklung. Im Lovetour-Team arbeiten erfahrene SexualberaterInnen und SexualpädagogInnen, die für Fragen und Anliegen auch über eine individuelle und anonyme Mailberatung zur Verfügung stehen.
Das vorliegende Buch greift die wichtigsten Inhalte der Lovetour-Mailanfragen auf und präsentiert die Themen in leicht lesbarer und unterhaltsamer Form. Darüber hinaus enthält das Buch ein Lovetour-Lexikon mit zahlreichen Stichwörtern rund um Liebe, Beziehung, Sexualität und Gesundheit.
</marc:subfield>
   </marc:datafield>
   <marc:datafield ind1=" " ind2=" " tag="020">
      <marc:subfield code="a">9783209056184</marc:subfield>
      <marc:subfield code="9">9783209056184</marc:subfield>
   </marc:datafield>
   <marc:datafield ind1=" " ind2=" " tag="020">
      <marc:subfield code="a">3209056188</marc:subfield>
      <marc:subfield code="9">3209056188</marc:subfield>
   </marc:datafield>
   <marc:datafield ind1=" " ind2=" " tag="041">
      <marc:subfield code="a">ger</marc:subfield>
   </marc:datafield>
   <marc:datafield ind1=" " ind2=" " tag="300">
      <marc:subfield code="a">119 S.</marc:subfield>
   </marc:datafield>
</marc:record>
